000 00375 a2200157 4500
001 44650
020 _a8532247970
040 _cAnchieta - Aquarius
100 _aRocha, Ruth
240 1 0 _a#O rato do campo e o rato da cidade
_lpor
245 1 0 _a#O rato do campo e o rato da cidade
300 _a24
362 0 _a2001
650 4 _aLiteratura infanto-juvenil
942 _cBK
999 _c44650
_d44650